000 00397nam a2200169Ia 4500
008 230524s9999 xx 000 0 und d
020 _a0070494835
082 _a4
_bKAH
100 _aAtul Kahate
245 0 _aCryptography and Network Security
250 _a1ST
260 _aNEW DELHI
_bTMH
_c2005
300 _aXXII;428
500 _aQuantity Number: 4
650 _aComp-Sc
942 _cBK
999 _c31572
_d31572